| 000 | 01717cam a22003734a 4500 | ||
|---|---|---|---|
| 001 | 16627386 | ||
| 005 | 20110914171503.0 | ||
| 008 | 110126s2012 moua bf 001 0 eng | ||
| 020 | _a9781437714425 (pbk. : alk. paper) | ||
| 020 | _a1437714420 (pbk. : alk. paper) | ||
| 035 | _a(OCoLC)ocn701672488 | ||
| 040 |
_aDNLM/DLC _cDLC _dYDX _dYDXCP _dCDX _dDLC |
||
| 082 | 0 | 0 |
_a616.0751 _222 _bJAR |
| 100 | 1 |
_aJarvis, Carolyn. _930012 |
|
| 245 | 1 | 0 |
_aPocket Companion for Physical Examination & Health Assessment / _cCarolyn Jarvis ; original illustrations by Pat Thomas ; assessment photographs by Kevin Strandberg. |
| 246 | 3 | _aPocket companion for physical examination and health assessment | |
| 250 | _a6th ed. | ||
| 260 |
_aSt. Louis, Mo. : _bElsevier/Saunders, _cc2012. |
||
| 300 |
_avi, 291 p. : _bcol. ill. ; _c21 cm. |
||
| 504 | _aIncludes bibliographical references and index. | ||
| 541 | _aDonation from Dr. Shahraze | ||
| 650 | 0 |
_aMedical history taking _vHandbooks, manuals, etc. _930013 |
|
| 650 | 0 |
_aNursing assessment _vHandbooks, manuals, etc. _930014 |
|
| 650 | 2 |
_aPhysical Examination _xmethods _vHandbooks. _930015 |
|
| 650 | 2 |
_aPhysical Examination _xmethods _vNurses' Instruction. _930016 |
|
| 650 | 2 |
_aMedical History Taking _vHandbooks. _930017 |
|
| 650 | 2 |
_aMedical History Taking _vNurses' Instruction. _930018 |
|
| 650 | 2 |
_aNursing Assessment _vHandbooks. _930019 |
|
| 650 | 2 |
_aNursing Assessment _vNurses' Instruction. _930020 |
|
| 653 |
_bNUR _cJune2012 |
||
| 942 |
_2ddc _cBB |
||
| 999 |
_c16748 _d16748 |
||